[Event "Frauenbundesliga 1st Div -11"]
[Site "Germany GER"]
[Date "2010.11.07"]
[EventDate "2010.11.06"]
[Round "2.1"]
[Result "1-0"]
[White "Viktorija Cmilyte"]
[Black "Regina Pokorna"]
[WhiteElo "2514"]
[BlackElo "2359"]
[PlyCount "61"]

1. Nf3 Nf6 2. c4 e6 3. Nc3 b6 4. e4 Bb7 5. e5 Ng4 6. h3 Nh6
7. d4 d6 8. exd6 cxd6 9. Bd3 Be7 10. Qe2 Ng8 11. d5 e5 12. O-O
Nd7 13. Bd2 Ngf6 14. Nh4 O-O 15. Nf5 Re8 16. Bg5 Nc5 17. Bc2
a5 18. f4 e4 19. Qe3 Bc8 20. Nxe7+ Qxe7 21. Qd4 Ba6 22. Rae1
h6 23. Bh4 Rac8 24. b3 a4 25. Re3 Qd8 26. Rfe1 Kf8 27. b4 Ncd7
28. b5 Bb7 29. Nxe4 Qc7 30. Nxf6 gxf6 31. Bf5 1-0